| Tag |
First Indicator |
Second Indicator |
Subfields |
| LEADER |
00000cam a2200000Mi 4500 |
| 001 |
in00005628310 |
| 006 |
m o d |
| 007 |
cr |n||||||||a |
| 008 |
180424nuuuuuuuuxx o 000 0 und |
| 005 |
20250328182734.0 |
| 035 |
|
|
|a (OCoLC)on1224218217
|
| 040 |
|
|
|a AU@
|b eng
|c AU@
|e rda
|d WAU
|d OCLCL
|
| 035 |
|
|
|a (OCoLC)1224218217
|
| 049 |
|
|
|a TXAM
|
| 100 |
1 |
|
|a Williams, Fannie Barrier,
|e author.
|
| 245 |
1 |
0 |
|a Great Britain's Compliment to American Colored Women /
|c by Fannie Barrier Williams and Josephine St. Pierre Ruffin..
|
| 264 |
|
1 |
|a [Place of publication not identified] :
|b [publisher not identified],
|c [20--?]
|
| 300 |
|
|
|a 1 online resource (1 page)
|
| 336 |
|
|
|a text
|b txt
|2 rdacontent
|
| 337 |
|
|
|a computer
|b c
|2 rdamedia
|
| 338 |
|
|
|a online resource
|b cr
|2 rdacarrier
|
| 500 |
|
|
|a Title from resource description page (viewed April 24, 2018).
|
| 546 |
|
|
|a In English.
|
| 546 |
|
|
|a Original language in English.
|
| 650 |
|
4 |
|a Women and Rights.
|
| 650 |
|
4 |
|a Women's rights.
|
| 650 |
|
4 |
|a Civil rights.
|
| 655 |
|
7 |
|a Electronic books.
|2 local
|
| 655 |
|
4 |
|a Periodical article
|
| 710 |
2 |
|
|a Alexander Street (Firm)
|
| 758 |
|
|
|i has work:
|a Great Britain's Compliment to American Colored Women (Text)
|1 https://id.oclc.org/worldcat/entity/E39PCXP978pvvXgpK4FMvyXkym
|4 https://id.oclc.org/worldcat/ontology/hasWork
|
| 773 |
0 |
|
|t Woman's Era, Vol. 1, no. 5, August 1894, p. 1
|
| 856 |
4 |
0 |
|u http://proxy.library.tamu.edu/login?url=https://www.aspresolver.com/aspresolver.asp?WASS;2773974
|z Connect to the full text of this electronic book
|t 0
|
| 955 |
|
|
|a Alexander Street - Women and Social Movement in the United States 1600-2000
|
| 994 |
|
|
|a 92
|b TXA
|
| 999 |
f |
f |
|s 97c6c053-477e-43f2-8273-ac0fffda50f7
|i 204f9afe-6c0b-41aa-9663-cb48cfb2f267
|t 0
|
| 952 |
f |
f |
|a Texas A&M University
|b College Station
|c Electronic Resources
|d Available Online
|t 0
|h Library of Congress classification
|
| 998 |
f |
f |
|t 0
|l Available Online
|